[Event "DVM U20 2021"]
[Site "Kiel GER"]
[Date "2022.07.26"]
[Round "7"]
[White "Perkampus, Laurin"]
[Black "Astner, Sebastian"]
[Result "1/2-1/2"]
[Termination "normal"]
[Board "3.4"]
[WhiteElo "2069"]
[BlackElo "1888"]
[WhiteClock "00:20:40"]
[BlackClock "00:15:50"]
[WhiteTeam "Schachgemeinschaft Porz e. V."]
[BlackTeam "FC Ergolding 1932 e.V."]
[PlyCount "92"]
[WhiteFideId "16232283"]
[BlackFideId "12979422"]
[EventCountry "GER"]
[EventRounds "7"]
[EventType "team-swiss"]
[EventDate "2022.07.22"]

1. d4 {[%clk 01:30:58]} {[%emt 00:00:01]} d5 {[%clk 01:30:47]} {[%emt
00:00:13]} 2. c4 {[%clk 01:31:15]} {[%emt 00:00:11]} c6 {[%clk 01:31:15]}
{[%emt 00:00:04]} 3. Nc3 {[%clk 01:31:39]} {[%emt 00:00:06]} e6 {[%clk
01:31:42]} {[%emt 00:00:04]} 4. e4 {[%clk 01:31:55]} {[%emt 00:00:14]} dxe4
{[%clk 01:31:36]} {[%emt 00:00:36]} 5. Nxe4 {[%clk 01:32:21]} {[%emt 00:00:03]}
Nf6 {[%clk 01:31:25]} {[%emt 00:00:43]} 6. Nxf6+ {[%clk 01:32:45]} {[%emt
00:00:05]} Qxf6 {[%clk 01:30:30]} {[%emt 00:01:25]} 7. Nf3 {[%clk 01:33:08]}
{[%emt 00:00:06]} Bb4+ {[%clk 01:30:25]} {[%emt 00:00:36]} 8. Bd2 {[%clk
01:33:31]} {[%emt 00:00:06]} Bxd2+ {[%clk 01:30:08]} {[%emt 00:00:47]} 9. Qxd2
{[%clk 01:34:00]} {[%emt 00:00:02]} O-O {[%clk 01:29:35]} {[%emt 00:01:03]} 10.
Bd3 {[%clk 01:34:21]} {[%emt 00:00:09]} Nd7 {[%clk 01:25:50]} {[%emt 00:04:15]}
11. O-O {[%clk 01:09:49]} {[%emt 00:25:01]} e5 {[%clk 01:12:14]} {[%emt
00:14:07]} 12. Ng5 {[%clk 00:59:09]} {[%emt 00:11:10]} g6 {[%clk 01:04:26]}
{[%emt 00:08:19]} 13. Ne4 {[%clk 00:57:13]} {[%emt 00:02:25]} Qg7 {[%clk
01:01:21]} {[%emt 00:03:34]} 14. d5 {[%clk 00:48:48]} {[%emt 00:08:56]} Nb6
{[%clk 00:56:09]} {[%emt 00:05:42]} 15. dxc6 {[%clk 00:41:36]} {[%emt
00:07:42]} bxc6 {[%clk 00:56:05]} {[%emt 00:00:34]} 16. Nc5 {[%clk 00:39:34]}
{[%emt 00:02:30]} Rd8 {[%clk 00:39:23]} {[%emt 00:17:13]} 17. Qe2 {[%clk
00:36:44]} {[%emt 00:03:20]} Nd7 {[%emt 00:08:59]} 18. Nb3 {[%clk 00:32:13]} f5
{[%clk 00:33:29]} {[%emt 00:02:56]} 19. c5 {[%clk 00:23:02]} {[%emt 00:09:40]}
Qe7 {[%clk 00:28:30]} {[%emt 00:05:30]} 20. Rfd1 {[%clk 00:18:39]} {[%emt
00:04:52]} Nf6 {[%clk 00:23:18]} {[%emt 00:05:43]} 21. Bc4+ {[%clk 00:16:14]}
{[%emt 00:02:54]} Nd5 {[%clk 00:23:41]} {[%emt 00:00:09]} 22. Rac1 {[%clk
00:13:17]} {[%emt 00:03:26]} Qc7 {[%clk 00:21:01]} {[%emt 00:03:10]} 23. Re1
{[%clk 00:09:09]} {[%emt 00:04:38]} Re8 {[%clk 00:19:40]} {[%emt 00:01:51]} 24.
Rcd1 {[%clk 00:08:23]} {[%emt 00:01:16]} Bb7 {[%clk 00:20:03]} {[%emt
00:00:07]} 25. Qd2 {[%clk 00:04:22]} {[%emt 00:04:31]} Kg7 {[%clk 00:16:19]}
{[%emt 00:04:14]} 26. Qa5 {[%clk 00:03:43]} {[%emt 00:01:08]} Qe7 {[%clk
00:14:24]} {[%emt 00:02:27]} 27. Nd4 {[%clk 00:02:49]} {[%emt 00:01:23]} Qd7
{[%clk 00:06:27]} {[%emt 00:08:27]} 28. Nxc6 {[%clk 00:01:23]} {[%emt
00:01:56]} Bxc6 {[%clk 00:04:39]} {[%emt 00:02:18]} 29. Bxd5 {[%clk 00:01:52]}
Bxd5 {[%clk 00:04:50]} {[%emt 00:00:19]} 30. c6 {[%clk 00:02:18]} {[%emt
00:00:04]} Qxc6 {[%clk 00:05:05]} {[%emt 00:00:15]} 31. Rxd5 {[%clk 00:02:04]}
{[%emt 00:00:44]} e4 {[%clk 00:03:21]} {[%emt 00:02:15]} 32. Red1 {[%clk
00:02:17]} {[%emt 00:00:15]} Re7 {[%clk 00:02:58]} {[%emt 00:00:54]} 33. Rd6
{[%clk 00:01:52]} {[%emt 00:00:54]} Qc7 {[%clk 00:01:01]} {[%emt 00:02:28]} 34.
Qa4 {[%clk 00:01:26]} {[%emt 00:00:55]} Rae8 {[%clk 00:00:48]} {[%emt
00:00:44]} 35. Qd4+ {[%clk 00:00:44]} {[%emt 00:01:11]} Kg8 {[%clk 00:00:39]}
{[%emt 00:00:40]} 36. h4 {[%clk 00:00:50]} {[%emt 00:00:24]} e3 {[%clk
00:00:38]} {[%emt 00:00:31]} 37. fxe3 {[%clk 00:00:46]} {[%emt 00:00:34]} Rxe3
{[%clk 00:00:37]} {[%emt 00:00:31]} 38. Qd5+ {[%clk 00:00:34]} {[%emt
00:00:42]} Kh8 {[%clk 00:01:03]} {[%emt 00:00:05]} 39. Qd4+ {[%clk 00:00:35]}
{[%emt 00:00:28]} Qg7 {[%clk 00:00:38]} {[%emt 00:00:55]} 40. Qxg7+ {[%clk
00:00:32]} {[%emt 00:00:33]} Kxg7 {[%clk 00:01:06]} {[%emt 00:00:03]} 41. Rd7+
{[%clk 00:28:50]} {[%emt 00:02:10]} R8e7 {[%clk 00:30:34]} {[%emt 00:01:03]}
42. Rxe7+ {[%clk 00:25:37]} {[%emt 00:03:43]} Rxe7 {[%clk 00:31:02]} {[%emt
00:00:03]} 43. Rd6 {[%clk 00:25:27]} {[%emt 00:00:39]} Kh6 {[%clk 00:28:32]}
{[%emt 00:03:00]} 44. Kf2 {[%clk 00:22:22]} {[%emt 00:03:35]} Kh5 {[%clk
00:22:57]} {[%emt 00:06:06]} 45. Rd4 {[%clk 00:21:42]} {[%emt 00:01:09]} Rc7
{[%clk 00:20:10]} {[%emt 00:03:17]} 46. Kf3 {[%clk 00:20:40]} {[%emt 00:01:32]}
h6 {[%clk 00:15:50]} {[%emt 00:04:51]} 1/2-1/2

[Event "DVM U20 2021"]
[Site "Kiel GER"]
[Date "2022.07.26"]
[Round "7"]
[White "Sowka, Patrick"]
[Black "Gallasch, Robin"]
[Result "0-1"]
[Termination "normal"]
[Board "3.5"]
[WhiteElo "1598"]
[BlackElo "2050"]
[WhiteClock "00:17:08"]
[BlackClock "00:33:23"]
[WhiteTeam "FC Ergolding 1932 e.V."]
[BlackTeam "Schachgemeinschaft Porz e. V."]
[PlyCount "92"]
[WhiteFideId "16234944"]
[BlackFideId "16222423"]
[EventCountry "GER"]
[EventRounds "7"]
[EventType "team-swiss"]
[EventDate "2022.07.22"]

1. e4 {[%clk 01:30:57]} {[%emt 00:00:03]} c6 {[%clk 01:30:57]} {[%emt
00:00:04]} 2. d4 {[%clk 01:31:09]} {[%emt 00:00:18]} d5 {[%clk 01:31:23]}
{[%emt 00:00:04]} 3. e5 {[%clk 01:31:27]} {[%emt 00:00:12]} c5 {[%clk
01:31:48]} {[%emt 00:00:04]} 4. f4 {[%clk 01:31:25]} {[%emt 00:00:33]} Nc6
{[%clk 01:31:46]} {[%emt 00:00:32]} 5. c3 {[%clk 01:27:24]} {[%emt 00:04:31]}
cxd4 {[%clk 01:31:24]} {[%emt 00:00:52]} 6. cxd4 {[%clk 01:24:40]} {[%emt
00:03:14]} Bf5 {[%clk 01:31:49]} {[%emt 00:00:05]} 7. Nc3 {[%clk 01:21:06]}
{[%emt 00:04:04]} e6 {[%clk 01:32:14]} {[%emt 00:00:05]} 8. Nf3 {[%clk
01:14:12]} {[%emt 00:07:23]} Nge7 {[%clk 01:29:23]} {[%emt 00:03:22]} 9. Qb3
{[%clk 01:02:20]} {[%emt 00:12:21]} Qd7 {[%clk 01:24:31]} {[%emt 00:05:23]} 10.
Be3 {[%clk 01:01:28]} {[%emt 00:01:21]} Bg4 {[%clk 01:16:03]} {[%emt 00:08:58]}
11. Bd3 {[%clk 00:56:14]} {[%emt 00:05:44]} Nf5 {[%clk 01:10:33]} {[%emt
00:06:01]} 12. Bxf5 {[%clk 00:56:07]} {[%emt 00:00:36]} Bxf5 {[%clk 01:10:57]}
{[%emt 00:00:06]} 13. O-O {[%clk 00:55:14]} {[%emt 00:01:23]} Be7 {[%clk
01:10:37]} {[%emt 00:00:50]} 14. Rae1 {[%clk 00:47:16]} {[%emt 00:08:29]} h5
{[%clk 01:04:00]} {[%emt 00:07:07]} 15. h3 {[%clk 00:38:55]} {[%emt 00:08:50]}
h4 {[%clk 01:01:00]} {[%emt 00:03:30]} 16. a3 {[%clk 00:31:48]} {[%emt
00:07:38]} Na5 {[%clk 00:55:40]} {[%emt 00:05:49]} 17. Qd1 {[%clk 00:24:15]}
{[%emt 00:08:02]} Nc4 {[%clk 00:54:57]} {[%emt 00:01:14]} 18. Qe2 {[%clk
00:23:44]} {[%emt 00:01:01]} O-O-O {[%clk 00:51:55]} {[%emt 00:03:32]} 19. Ra1
{[%clk 00:19:05]} {[%emt 00:05:09]} Kb8 {[%clk 00:49:21]} {[%emt 00:03:05]} 20.
Rfc1 {[%clk 00:11:06]} {[%emt 00:08:29]} Rc8 {[%clk 00:45:22]} {[%emt
00:04:28]} 21. Bf2 {[%clk 00:10:09]} {[%emt 00:01:26]} Qd8 {[%clk 00:38:53]}
{[%emt 00:07:00]} 22. b3 {[%clk 00:08:30]} {[%emt 00:02:10]} Na5 {[%clk
00:38:01]} {[%emt 00:01:21]} 23. Nd2 {[%clk 00:06:35]} {[%emt 00:02:26]} g5
{[%clk 00:36:46]} {[%emt 00:01:44]} 24. b4 {[%clk 00:05:53]} {[%emt 00:01:13]}
Nc4 {[%clk 00:36:10]} {[%emt 00:01:06]} 25. Nxc4 {[%emt 00:01:39]} dxc4 {[%clk
00:36:15]} {[%emt 00:00:19]} 26. Ne4 {[%clk 00:03:34]} {[%emt 00:01:45]} gxf4
{[%clk 00:35:04]} {[%emt 00:01:41]} 27. Qf3 {[%clk 00:02:51]} {[%emt 00:01:13]}
Qd5 {[%clk 00:26:07]} {[%emt 00:09:27]} 28. Nd2 {[%clk 00:01:31]} {[%emt
00:01:50]} Qxf3 {[%clk 00:24:21]} {[%emt 00:02:16]} 29. Nxf3 {[%clk 00:02:00]}
Be4 {[%clk 00:24:20]} {[%emt 00:00:30]} 30. Kh2 {[%clk 00:01:40]} {[%emt
00:00:50]} f6 {[%clk 00:22:00]} {[%emt 00:02:51]} 31. Re1 {[%clk 00:00:55]}
{[%emt 00:01:15]} f5 {[%clk 00:21:13]} {[%emt 00:01:17]} 32. Rac1 {[%clk
00:01:21]} {[%emt 00:00:05]} c3 {[%clk 00:20:58]} {[%emt 00:00:45]} 33. Red1
{[%clk 00:01:04]} {[%emt 00:00:46]} a5 {[%clk 00:20:45]} {[%emt 00:00:43]} 34.
bxa5 {[%clk 00:00:34]} {[%emt 00:01:00]} Bxa3 {[%clk 00:20:57]} {[%emt
00:00:17]} 35. Ng5 {[%clk 00:00:49]} {[%emt 00:00:15]} c2 {[%clk 00:18:45]}
{[%emt 00:02:43]} 36. Re1 {[%clk 00:01:01]} {[%emt 00:00:18]} Bxc1 {[%clk
00:18:46]} {[%emt 00:00:29]} 37. Rxc1 {[%clk 00:01:31]} Rc3 {[%clk 00:17:48]}
{[%emt 00:01:27]} 38. Nxe6 {[%clk 00:01:19]} {[%emt 00:00:42]} Rg8 {[%clk
00:17:17]} {[%emt 00:01:00]} 39. Nxf4 {[%clk 00:01:27]} {[%emt 00:00:23]} Rb3
{[%clk 00:15:33]} {[%emt 00:02:13]} 40. d5 {[%clk 00:00:32]} {[%emt 00:01:27]}
Rb1 {[%clk 00:13:13]} {[%emt 00:02:49]} 41. Be3 {[%clk 00:30:13]} {[%emt
00:00:49]} Re8 {[%clk 00:40:46]} {[%emt 00:02:57]} 42. e6 {[%clk 00:22:09]}
{[%emt 00:08:35]} Kc7 {[%clk 00:38:43]} {[%emt 00:02:32]} 43. Ne2 {[%clk
00:20:21]} {[%emt 00:02:17]} Rxc1 {[%clk 00:37:39]} {[%emt 00:01:34]} 44. Bxc1
{[%clk 00:20:43]} {[%emt 00:00:09]} Kd6 {[%clk 00:36:35]} {[%emt 00:01:33]} 45.
Bg5 {[%clk 00:19:18]} {[%emt 00:01:56]} Rg8 {[%clk 00:33:00]} {[%emt 00:04:05]}
46. e7 {[%clk 00:17:08]} {[%emt 00:02:40]} Kd7 {[%clk 00:33:23]} 0-1

[Event "DVM U20 2021"]
[Site "Kiel GER"]
[Date "2022.07.26"]
[Round "7"]
[White "Sabirov, Rafael"]
[Black "Alexandrov, Dimitri"]
[Result "1-0"]
[Termination "normal"]
[Board "3.6"]
[WhiteElo "1777"]
[BlackElo "1785"]
[WhiteClock "00:06:11"]
[BlackClock "00:00:36"]
[WhiteTeam "Schachgemeinschaft Porz e. V."]
[BlackTeam "FC Ergolding 1932 e.V."]
[PlyCount "79"]
[WhiteFideId "16241185"]
[BlackFideId "16249798"]
[EventCountry "GER"]
[EventRounds "7"]
[EventType "team-swiss"]
[EventDate "2022.07.22"]

1. e4 {[%clk 01:30:59]} {[%emt 00:00:01]} e5 {[%clk 01:30:52]} {[%emt
00:00:08]} 2. Nf3 {[%clk 01:31:25]} {[%emt 00:00:04]} Nc6 {[%clk 01:30:58]}
{[%emt 00:00:24]} 3. Bb5 {[%clk 01:31:50]} {[%emt 00:00:05]} a6 {[%clk
01:31:11]} {[%emt 00:00:17]} 4. Ba4 {[%clk 01:32:13]} {[%emt 00:00:06]} Nf6
{[%clk 01:30:57]} {[%emt 00:00:44]} 5. d3 {[%clk 01:32:39]} {[%emt 00:00:05]}
b5 {[%clk 01:27:41]} {[%emt 00:03:46]} 6. Bb3 {[%clk 01:33:04]} {[%emt
00:00:05]} Bc5 {[%clk 01:25:16]} {[%emt 00:02:55]} 7. O-O {[%clk 01:31:19]}
{[%emt 00:02:15]} d6 {[%clk 01:24:38]} {[%emt 00:01:08]} 8. a4 {[%clk
01:31:34]} {[%emt 00:00:15]} b4 {[%clk 01:18:10]} {[%emt 00:06:59]} 9. a5
{[%clk 01:30:25]} {[%emt 00:01:39]} O-O {[%clk 01:17:38]} {[%emt 00:01:02]} 10.
Nbd2 {[%clk 01:28:29]} {[%emt 00:02:25]} Ne7 {[%clk 01:15:25]} {[%emt
00:02:43]} 11. c3 {[%clk 01:25:23]} {[%emt 00:03:36]} bxc3 {[%clk 01:14:20]}
{[%emt 00:01:36]} 12. bxc3 {[%clk 01:25:46]} {[%emt 00:00:07]} Ng6 {[%clk
01:14:04]} {[%emt 00:00:46]} 13. Nc4 {[%clk 01:22:29]} {[%emt 00:03:45]} Bd7
{[%clk 01:11:52]} {[%emt 00:02:42]} 14. Re1 {[%clk 01:20:57]} {[%emt 00:02:03]}
Bb5 {[%clk 01:10:10]} {[%emt 00:02:12]} 15. d4 {[%clk 01:05:45]} {[%emt
00:15:42]} exd4 {[%clk 01:09:04]} {[%emt 00:01:36]} 16. cxd4 {[%clk 01:06:13]}
{[%emt 00:00:02]} Bb4 {[%clk 01:06:13]} {[%emt 00:03:21]} 17. Bd2 {[%clk
01:02:57]} {[%emt 00:03:47]} Bxd2 {[%clk 01:06:24]} {[%emt 00:00:18]} 18. Ncxd2
{[%clk 01:01:22]} {[%emt 00:02:05]} Nf4 {[%clk 01:01:16]} {[%emt 00:05:39]} 19.
Nf1 {[%clk 00:56:08]} {[%emt 00:05:42]} Re8 {[%clk 00:53:57]} {[%emt 00:07:50]}
20. Ng5 {[%clk 00:41:42]} {[%emt 00:14:56]} Re7 {[%clk 00:51:31]} {[%emt
00:02:57]} 21. Qd2 {[%clk 00:39:39]} {[%emt 00:02:31]} Ng6 {[%clk 00:39:56]}
{[%emt 00:12:06]} 22. Qa2 {[%clk 00:36:09]} {[%emt 00:04:00]} Be8 {[%clk
00:35:18]} {[%emt 00:05:08]} 23. Ng3 {[%clk 00:32:13]} {[%emt 00:04:26]} h6
{[%clk 00:34:02]} {[%emt 00:01:47]} 24. Nf3 {[%clk 00:31:03]} {[%emt 00:01:38]}
Bc6 {[%clk 00:20:37]} {[%emt 00:13:56]} 25. e5 {[%clk 00:21:07]} {[%emt
00:10:26]} dxe5 {[%clk 00:16:47]} {[%emt 00:04:19]} 26. dxe5 {[%clk 00:20:59]}
{[%emt 00:00:39]} Bxf3 {[%clk 00:14:59]} {[%emt 00:02:18]} 27. exf6 {[%clk
00:18:52]} {[%emt 00:02:37]} Rxe1+ {[%clk 00:13:53]} {[%emt 00:01:36]} 28. Rxe1
{[%clk 00:18:34]} {[%emt 00:00:48]} Qxf6 {[%clk 00:13:36]} {[%emt 00:00:47]}
29. gxf3 {[%clk 00:17:19]} {[%emt 00:01:45]} Nh4 {[%clk 00:06:48]} {[%emt
00:07:17]} 30. Bd5 {[%clk 00:15:22]} {[%emt 00:02:28]} c6 {[%clk 00:04:16]}
{[%emt 00:03:02]} 31. Be4 {[%clk 00:15:39]} {[%emt 00:00:13]} Qc3 {[%clk
00:01:03]} {[%emt 00:03:42]} 32. Re3 {[%clk 00:12:59]} {[%emt 00:03:10]} Qc1+
{[%clk 00:01:12]} {[%emt 00:00:21]} 33. Nf1 {[%clk 00:13:29]} {[%emt 00:00:01]}
Rd8 {[%clk 00:01:12]} {[%emt 00:00:29]} 34. Qc2 {[%clk 00:12:34]} {[%emt
00:01:25]} Qa1 {[%clk 00:01:36]} {[%emt 00:00:06]} 35. Qc3 {[%clk 00:09:42]}
{[%emt 00:03:23]} Qa2 {[%clk 00:00:33]} {[%emt 00:01:33]} 36. Qa3 {[%clk
00:08:58]} {[%emt 00:01:13]} Qc4 {[%clk 00:00:31]} {[%emt 00:00:32]} 37. Qe7
{[%clk 00:08:01]} {[%emt 00:01:28]} Nxf3+ {[%clk 00:00:31]} {[%emt 00:00:29]}
38. Rxf3 {[%clk 00:07:21]} {[%emt 00:01:10]} Rb8 {[%clk 00:00:43]} {[%emt
00:00:18]} 39. Rxf7 {[%clk 00:06:49]} {[%emt 00:01:03]} Qd4 {[%clk 00:00:36]}
{[%emt 00:00:37]} 40. Rf4 {[%clk 00:06:11]} {[%emt 00:01:07]} 1-0

[Event "DVM U20 2021"]
[Site "Kiel GER"]
[Date "2022.07.26"]
[Round "7"]
[White "Stelmaszyk, Nico"]
[Black "Vuckovic, Zarko"]
[Result "0-1"]
[Termination "normal"]
[Board "4.1"]
[WhiteTitle "FM"]
[WhiteElo "2287"]
[BlackElo "2281"]
[WhiteClock "00:26:55"]
[BlackClock "00:55:47"]
[WhiteTeam "SK Lehrte von 1919 e. V."]
[BlackTeam "Schachfreunde Augsburg"]
[PlyCount "90"]
[WhiteFideId "16200462"]
[BlackFideId "12952087"]
[EventCountry "GER"]
[EventRounds "7"]
[EventType "team-swiss"]
[EventDate "2022.07.22"]

1. e4 {[%clk 01:30:58]} e5 {[%clk 01:30:54]} {[%emt 00:00:06]} 2. Nf3 {[%clk
01:31:19]} {[%emt 00:00:09]} Nc6 {[%clk 01:31:19]} {[%emt 00:00:06]} 3. Bc4
{[%clk 01:31:41]} {[%emt 00:00:08]} Nf6 {[%clk 01:31:44]} {[%emt 00:00:05]} 4.
d3 {[%clk 01:29:09]} {[%emt 00:03:02]} Be7 {[%clk 01:31:49]} {[%emt 00:00:25]}
5. Nc3 {[%clk 01:28:42]} {[%emt 00:00:57]} d6 {[%clk 01:31:45]} {[%emt
00:00:34]} 6. a3 {[%clk 01:19:32]} {[%emt 00:09:40]} O-O {[%clk 01:31:25]}
{[%emt 00:00:50]} 7. h3 {[%clk 01:18:25]} {[%emt 00:01:36]} Nd7 {[%clk
01:31:05]} {[%emt 00:00:51]} 8. O-O {[%clk 01:17:13]} {[%emt 00:01:41]} Nb6
{[%clk 01:31:22]} {[%emt 00:00:14]} 9. Bd5 {[%clk 01:14:01]} {[%emt 00:03:42]}
Nxd5 {[%clk 01:27:19]} {[%emt 00:04:33]} 10. exd5 {[%clk 01:13:41]} {[%emt
00:00:49]} Nd4 {[%clk 01:21:45]} {[%emt 00:06:04]} 11. Nxd4 {[%clk 01:13:37]}
{[%emt 00:00:34]} exd4 {[%clk 01:22:13]} {[%emt 00:00:03]} 12. Ne2 {[%clk
01:13:11]} {[%emt 00:00:56]} Bf6 {[%clk 01:22:35]} {[%emt 00:00:08]} 13. b3
{[%clk 01:11:44]} {[%emt 00:01:57]} c5 {[%clk 01:22:41]} {[%emt 00:00:24]} 14.
dxc6 {[%clk 01:11:34]} {[%emt 00:00:40]} bxc6 {[%clk 01:23:09]} {[%emt
00:00:02]} 15. Ng3 {[%clk 01:11:30]} {[%emt 00:00:33]} Rb8 {[%clk 01:17:36]}
{[%emt 00:06:05]} 16. Qf3 {[%clk 01:05:28]} {[%emt 00:06:31]} Rb5 {[%clk
01:08:15]} {[%emt 00:09:51]} 17. Re1 {[%clk 00:54:39]} {[%emt 00:11:18]} Be6
{[%clk 01:04:30]} {[%emt 00:04:16]} 18. a4 {[%clk 00:48:30]} {[%emt 00:06:39]}
Re5 {[%clk 00:54:25]} {[%emt 00:10:35]} 19. Bf4 {[%clk 00:45:30]} {[%emt
00:03:30]} Bd5 {[%clk 00:54:17]} {[%emt 00:00:39]} 20. Ne4 {[%clk 00:41:15]}
{[%emt 00:04:43]} Re6 {[%clk 00:53:21]} {[%emt 00:01:26]} 21. Qg4 {[%clk
00:26:18]} {[%emt 00:15:27]} Be7 {[%clk 00:52:19]} {[%emt 00:01:32]} 22. Ng3
{[%clk 00:24:45]} {[%emt 00:02:03]} Rg6 {[%clk 00:45:31]} {[%emt 00:07:18]} 23.
Qh5 {[%clk 00:20:22]} {[%emt 00:04:53]} Re8 {[%clk 00:45:23]} {[%emt 00:00:39]}
24. Re2 {[%clk 00:18:42]} {[%emt 00:02:09]} Bf8 {[%clk 00:45:46]} {[%emt
00:00:08]} 25. Rae1 {[%clk 00:17:44]} {[%emt 00:01:28]} Ree6 {[%clk 00:45:33]}
{[%emt 00:00:42]} 26. Ne4 {[%clk 00:15:06]} {[%emt 00:03:08]} h6 {[%clk
00:45:45]} {[%emt 00:00:18]} 27. Bg3 {[%clk 00:14:06]} {[%emt 00:01:30]} Be7
{[%clk 00:35:00]} {[%emt 00:11:16]} 28. Kh2 {[%clk 00:13:29]} {[%emt 00:01:06]}
Qf8 {[%clk 00:35:03]} {[%emt 00:00:27]} 29. f4 {[%clk 00:12:12]} {[%emt
00:01:47]} f5 {[%clk 00:33:07]} {[%emt 00:02:27]} 30. Nd2 {[%clk 00:12:23]}
{[%emt 00:00:18]} Qf7 {[%clk 00:33:03]} {[%emt 00:00:35]} 31. Rxe6 {[%clk
00:11:39]} {[%emt 00:01:14]} Rxe6 {[%clk 00:31:26]} {[%emt 00:02:07]} 32. Qxf7+
{[%clk 00:11:01]} {[%emt 00:01:08]} Kxf7 {[%clk 00:31:49]} {[%emt 00:00:06]}
33. Rxe6 {[%clk 00:10:49]} {[%emt 00:00:42]} Kxe6 {[%clk 00:32:13]} {[%emt
00:00:07]} 34. Nf3 {[%clk 00:09:28]} {[%emt 00:01:50]} c5 {[%clk 00:32:25]}
{[%emt 00:00:19]} 35. Be1 {[%clk 00:08:55]} {[%emt 00:01:02]} Kf7 {[%clk
00:30:38]} {[%emt 00:02:18]} 36. Bd2 {[%clk 00:08:31]} {[%emt 00:00:54]} Kg6
{[%clk 00:30:59]} {[%emt 00:00:09]} 37. Kg1 {[%clk 00:07:21]} {[%emt 00:01:38]}
Kh5 {[%clk 00:31:21]} {[%emt 00:00:09]} 38. Nh2 {[%clk 00:05:38]} {[%emt
00:02:13]} g5 {[%clk 00:31:10]} {[%emt 00:00:42]} 39. g3 {[%clk 00:05:44]}
{[%emt 00:00:24]} g4 {[%clk 00:30:21]} {[%emt 00:01:18]} 40. h4 {[%clk
00:05:40]} {[%emt 00:00:34]} Bd8 {[%clk 00:30:48]} {[%emt 00:00:04]} 41. Kf2
{[%clk 00:05:02]} {[%emt 00:01:08]} Kg6 {[%clk 00:30:56]} {[%emt 00:00:22]} 42.
Be1 {[%clk 00:00:43]} {[%emt 00:04:49]} Bc6 {[%clk 00:30:55]} {[%emt 00:00:31]}
43. Ke2 {[%clk 00:00:44]} {[%emt 00:00:28]} Kf7 {[%clk 00:31:09]} {[%emt
00:00:16]} 44. Kd1 {[%clk 00:29:48]} {[%emt 00:01:26]} Bg2 {[%clk 01:01:33]}
{[%emt 00:00:06]} 45. Bd2 {[%clk 00:26:55]} {[%emt 00:03:24]} Bxh4 {[%clk
00:55:47]} {[%emt 00:06:16]} 0-1